Central Library OPAC University of Rajshahi

Sweet's Anglo-Saxon primer / (Record no. 7303)

MARC details
000 -LEADER
fixed length control field 00704nam a2200229 i 4500
001 - CONTROL NUMBER
control field 7303
003 - CONTROL NUMBER IDENTIFIER
rucl marc code BD-RjUL
005 - DATE AND TIME OF LATEST TRANSACTION
control field 20211208234408.0
008 - FIXED-LENGTH DATA ELEMENTS--GENERAL INFORMATION
fixed length control field 130114r19671953e 00100 eng d
035 ## - SYSTEM CONTROL NUMBER
System control number (BD-RjUL)7346
040 ## - CATALOGING SOURCE
Original cataloging agency BD-RjUL
Language of cataloging eng
Transcribing agency BD-RjUL
Modifying agency BD-RjUL
041 ## - LANGUAGE CODE
Language code of text/sound track or separate title eng
082 ## - DEWEY DECIMAL CLASSIFICATION NUMBER
Classification number 429.5
Author mark and year SWS 1967
100 10 - MAIN ENTRY--PERSONAL NAME
Personal name Sweet, Henry,
Dates associated with a name 1845-1912.
9 (RLIN) 19507
245 10 - TITLE STATEMENT
Title Sweet's Anglo-Saxon primer /
Statement of responsibility, etc. revised throughout by Norman Davis.
250 ## - EDITION STATEMENT
Edition statement 9th ed.
260 0# - PUBLICATION, DISTRIBUTION, ETC. (IMPRINT)
Place of publication, distribution, etc. Oxford :
Name of publisher, distributor, etc. Clarendon Press,
Date of publication, distribution, etc. 1953 [prented 1967]
300 ## - PHYSICAL DESCRIPTION
Pagination vi, 129 p. ;
Size 17 cm.
650 #0 - SUBJECT ADDED ENTRY--TOPICAL TERM
Topical term or geographic name as entry element English language
Chronological subdivision Old English, ca. 450-1100
General subdivision Grammar.
9 (RLIN) 22813
700 10 - ADDED ENTRY--PERSONAL NAME
Personal name Davis, Norman,
Dates associated with a name 1913-
942 ## - ADDED ENTRY ELEMENTS (KOHA)
Source of classification or shelving scheme Dewey Decimal Classification
Koha item type Books
Holdings
Lost status Source of classification or shelving scheme Damaged status Not for loan Collection code Permanent Location Current Location Shelving location Date acquired Source of acquisition Cost, normal purchase price Total Checkouts Full call number Date last seen Copy number Koha item type
  Dewey Decimal Classification   Not For Loan Non-fiction Central Library, University of Rajshahi Central Library, University of Rajshahi   22/08/1970 Zeitlinger 12.60   429.5 SWS 1967 13/01/2014 C-1 Books
  Dewey Decimal Classification     Non-fiction Central Library, University of Rajshahi Central Library, University of Rajshahi   08/08/1955 O.U.P. 3.12   429.5 SWS 1967 24/08/2016 C-2 Books